| 000 | 00848cam a22002533a 4500 | ||
|---|---|---|---|
| 001 | 32172 | ||
| 003 | PGUSA | ||
| 005 | 20140828083709.0 | ||
| 008 | 100428s2010||||xxu|||||s|||||000 | eng d | ||
| 040 |
_aPGUSA _beng |
||
| 042 | _adc | ||
| 050 | 4 | _aPS | |
| 100 | 1 |
_aWright, Henrietta Christian, _d-1899 |
|
| 245 | 1 | 0 |
_aChildren's Stories in American Literature, 1660-1860 _h[electronic resource] / _cHenrietta Christian Wright |
| 260 |
_bProject Gutenberg, _c2010 |
||
| 506 | _aPublic domain in the USA. | ||
| 516 | _aElectronic text | ||
| 653 | _aChildren -- Books and reading -- United States -- History | ||
| 653 | _aChildren's stories, American -- History and criticism | ||
| 653 | _aAmerican literature -- History and criticism | ||
| 830 | 0 |
_aProject Gutenberg _v32172 |
|
| 856 | 4 | 0 | _uhttp://www.gutenberg.org/ebooks/32172 |
| 942 | _cEB | ||
| 999 |
_c261427 _d261427 |
||